| Tag |
First Indicator |
Second Indicator |
Subfields |
| LEADER |
00000cam a2200000 4500 |
| 001 |
in00000036416 |
| 005 |
20151007060848.0 |
| 008 |
720606s1962 nju 00010 eng u |
| 010 |
|
|
|a 62012665
|
| 035 |
|
|
|a (OCoLC)00326116
|
| 035 |
|
|
|9 AAD0405AM
|
| 040 |
|
|
|c WSU
|d TXA
|d UtOrBLW
|
| 049 |
|
|
|a TXAM
|c 1 [351630]
|c 2 [409869]
|
| 050 |
|
0 |
|a PN94
|b .G6
|
| 092 |
|
|
|a 801.9
|b G618m
|
| 100 |
1 |
|
|a Goldberg, Gerald Jay.
|
| 245 |
1 |
4 |
|a The modern critical spectrum /
|c edited by Gerald Jay Goldberg [and] Nancy Marmer Goldberg.
|
| 264 |
|
1 |
|a Englewood Cliffs, N.J. :
|b Prentice-Hall,
|c [1962]
|
| 264 |
|
4 |
|c [©1962]
|
| 300 |
|
|
|a 344 pages ;
|c 24 cm.
|
| 336 |
|
|
|a text
|b txt
|2 rdacontent
|
| 337 |
|
|
|a unmediated
|b n
|2 rdamedia
|
| 338 |
|
|
|a volume
|b nc
|2 rdacarrier
|
| 490 |
1 |
|
|a Prentice-Hall English literature series
|
| 650 |
|
0 |
|a Criticism.
|
| 650 |
|
0 |
|a Literature
|x History and criticism.
|
| 700 |
1 |
|
|a Goldberg, Nancy Marmer.
|
| 830 |
|
0 |
|a Prentice-Hall English literature series.
|
| 999 |
|
|
|a MARS
|
| 999 |
f |
f |
|s 96b3d433-3730-309c-b1b5-70a76913e9e2
|i 0e89b95f-9eb2-3735-b320-0a1375cb702e
|t 0
|
| 952 |
f |
f |
|p ric
|a Texas A&M University
|b Rellis Campus
|c Joint Library Facility
|s JLF
|d Remote Storage
|t 0
|e PN94 G6
|h Library of Congress classification
|i unmediated -- volume
|m A14801191097
|
| 998 |
f |
f |
|a PN94 G6
|t 0
|l Remote Storage
|